[Event "Frankfurt-chA"]
[Site "Frankfurt"]
[Date "2016.05.09"]
[Round "3"]
[White "Ortinau, Peter"]
[Black "Klamser, Dietmar"]
[Result "1/2-1/2"]
[WhiteElo "1963"]
[BlackElo "1809"]
[PlyCount "51"]
[EventDate "2016.04.25"]
[EventType "swiss"]
[EventRounds "9"]
[EventCountry "GER"]
[SourceTitle "EXT 2018"]
[Source "ChessBase"]
[SourceDate "2017.10.13"]
[SourceVersion "1"]
[SourceVersionDate "2017.10.13"]
[SourceQuality "1"]

1. d4 d5 2. c4 c6 3. Nf3 Nf6 4. Nc3 dxc4 5. a4 Bf5 6. Ne5 Nbd7 7. Nxc4 Nb6 8. Ne5 e6 9. Bg5 Be7 10. f3 Nfd7 11. Bxe7 Qxe7 12. Nxd7 Nxd7 13. e4 Bg6 14. Be2 Nf6 15. Qb3 h5 16. h4 a5 17. Rd1 Qb4 18. Bc4 Qxb3 19. Bxb3 0-0 20. Ke2 Rac8 21. Rd2 Rfe8 22. Rhd1 Kf8 23. Bc4 Nd7 24. Kf2 Nb6 25. Bb3 f6 26. g3 1/2-1/2

[Event "Frankfurt-chA"]
[Site "Frankfurt"]
[Date "2016.05.02"]
[Round "2"]
[White "Klamser, Dietmar"]
[Black "Bergner, Matthias"]
[Result "1-0"]
[WhiteElo "1809"]
[BlackElo "1571"]
[PlyCount "95"]
[EventDate "2016.04.25"]
[EventType "swiss"]
[EventRounds "9"]
[EventCountry "GER"]
[SourceTitle "EXT 2018"]
[Source "ChessBase"]
[SourceDate "2017.10.13"]
[SourceVersion "1"]
[SourceVersionDate "2017.10.13"]
[SourceQuality "1"]

1. e4 e6 2. d4 d5 3. exd5 exd5 4. Nc3 Nf6 5. Bf4 Bd6 6. Qe2+ Qe7 7. Bxd6 Qxe2+ 8. Ngxe2 cxd6 9. Nb5 Kd7 10. f3 a6 11. Nbc3 Nc6 12. 0-0-0 Kc7 13. g4 h6 14. Bg2 Re8 15. h4 Be6 16. g5 Nd7 17. Nf4 Nb6 18. Nh5 hxg5 19. hxg5 g6 20. Nf6 Rh8 21. f4 Ne7 22. Rde1 Kc6 23. b3 Nd7 24. Ncxd5 Bxd5 25. Nxd5 Nxd5 26. c4 N7b6 27. cxd5+ Kd7 28. Kd2 Rxh1 29. Rxh1 Ke7 30. Re1+ Kf8 31. Rc1 Rb8 32. Rc7 Ke8 33. Kd3 Na8 34. Rc1 Nb6 35. Rh1 Ke7 36. Re1+ Kd8 37. Ke4 Na8 38. Bh3 Nc7 39. f5 gxf5+ 40. Bxf5 Ne8 41. Rh1 Ke7 42. Rh8 Rd8 43. Rh7 Kf8 44. Rh1 Ke7 45. Rc1 a5 46. Bc8 b6 47. Rc6 f6 48. g6 1-0